Entry Personal Name
Number of records used in: 1
001 - CONTROL NUMBER
003 - CONTROL NUMBER IDENTIFIER
005 - DATE AND TIME OF LATEST TRANSACTION
- control field:
20231204161240.0
008 - FIXED-LENGTH DATA ELEMENTS
- fixed length control field:
930209n| acannaab |a aaa
010 ## - LIBRARY OF CONGRESS CONTROL NUMBER
- LC control number:
n 89287533
040 ## - CATALOGING SOURCE
- Original cataloging agency:
DLC
- Transcribing agency:
DLC
- Modifying agency:
DLC
100 10 - HEADING--PERSONAL NAME
- Personal name:
Ramaswamy, Sushila
400 00 - SEE FROM TRACING--PERSONAL NAME
- Personal name:
Sushila Ramaswamy
670 ## - SOURCE DATA FOUND
- Source citation:
Wollstonecraft, M. A vindication of the rights of woman, c1992:
- Information found:
t.p. (Sushila Ramaswamy; lect., pol. sc., Jesus and Mary Coll., U. of Delhi) jkt. (Dr.; post doctoral work, Indiana U.)
670 ## - SOURCE DATA FOUND
- Source citation:
A history of socialist thought, 2000:
- Information found:
CIP t.p. (Sushila Ramaswamy) data sheet (b. 10-25-59)